Seas & oceans

Bibliographic Details
Main Author: Lambert, David
Format: Book
Published: London : Watts Books , 1992
Subjects:

MARC

LEADER 00000cam a2200000 7i4500
001 0000007696
002 000008266
005 20000330.0
020 |a 0749608269 
090 0 0 |a J 030   |b LAM 
100 1 |a Lambert, David 
245 1 0 |a Seas & oceans   |c David Lambert 
260 |a London :   |b Watts Books ,   |c 1992 
300 |a 32p. ;   |c 30cm. 
650 0 0 |a Oceans   |x Juvenile literature 
999 |a 052550   |b BUKU   |c PINJAMAN   |e PERPUSTAKAAN KOMUNITI PETALING JAYA